LEADER 00955nam a2200217 i 4500 001 000000009771 003 CaOOAMICUS 005 20180830125440.0 008 180830s1969 it u000 u ita u 040 $aSeMil$bita 100 1 $aRussotto, Gabriele .$0(OLS)http://semarc/name/4820 245 10$aSan Giovanni di Dio e il suo Ordine Ospedaliero /$cGabriele Russotto. 260 $aRoma :$bEdizioni dell'Ufficio Formazione e Studi dei Fatebenefratelli,$c1969. 300 $a2 v. ;$c25 cm. 500 $aFondo Card. C.M. Martini. 600 04$aGiovanni : di Dio .$0(OLS)http://semarc/subject/1523 774 0 $tVolume primo.$gVolume1$w()117420 774 0 $tVol. 2.$gVolume2$w()117421 941 1 $a4 996 $6245$aSan Giovanni di Dio e il suo Ordine Ospedaliero$9(OLS)http://semarc/title/12913 996 $6260$aRoma :$bEdizioni dell'Ufficio Formazione e Studi dei Fatebenefratelli$9(OLS)http://semarc/publisher/32676 LEADER 00529nab a2200157 i 4500 001 000000279970 003 CaOOAMICUS 005 20180831165135.0 008 180831n xx uu u0 0und r 013 $a31758 040 $aSeMil$bita 245 10$a[vedi periodico]. 773 0 $t2010.$d[Romae] : Pontificia Universitas Gregoriana, copyr. 2013.$w()223527 774 0 $tBibliographia Historiae Pontificiae 2009-2010.$w()320623 774 0 $tBibliografia di Pierre Blet.$w()320624 996 $6245$a[vedi periodico]$9(OLS)http://semarc/title/309439